000 00802nam a2200205 i 4500
001 17929
003 ES-MaACL
005 20230906151722.0
007 t|
008 010625s1837 sp ||||1| spa d
080 _a061.21(460.27) Ateneo (058.7) "1837"
110 2 _aAteneo de Madrid.
_91875
245 1 0 _aLista alfabética de los individuos del Ateneo Científico, Literario y Artístico de Madrid existentes en 1º de mayo de 1837.
260 _aMadrid :
_b[s.n.],
_c1837 (
_fImp. del Colegio de Sordo-Mudos)
300 _a14 p. ;
_c20 cm.
610 2 4 _aAteneo de Madrid-
_vListas de socios.
_91928
610 2 4 _aAteneo de Madrid-
_vObras digitalizadas.
_91930
852 4 _aES-MaACL
_jT-106-F-10
856 4 _uhttp://www.ateneodemadrid.net/biblioteca_digital/folletos/Socios-1837.pdf
_zVer documento
999 _c17929
_d17929